|
|
|
|
| LEADER |
01352nam a2200265 a 4500 |
| 001 |
0017847 |
| 003 |
BD-DhAAL |
| 008 |
090331s2007 nyua 000 0 eng d |
| 020 |
|
|
|a 9780500342367
|
| 020 |
|
|
|a 9781568987354 (alk. paper)
|
| 020 |
|
|
|a 1568987358 (alk. paper)
|
| 040 |
|
|
|c DLC
|d YDX
|d BTCTA
|d BAKER
|d YDXCP
|d CDX
|d BWX
|d SBM
|d BD-DhAAL
|
| 082 |
0 |
0 |
|a 720.994
|2 22
|
| 100 |
1 |
|
|a Jackson, Davina
|9 31960
|
| 245 |
1 |
0 |
|a Next wave :
|b new Australian architecture /
|c Davina Jackson ; photography, Shannon McGrath ; guest essay, Andrew MacKenzie
|
| 260 |
|
|
|a New York :
|b Princeton Architectural Press,
|c c2007.
|
| 300 |
|
|
|a unnumbered pages :
|b chiefly ill. (chiefly col.) ;
|c 23 cm
|
| 526 |
|
|
|a ARC
|x Md. Shajjad Hossain,
Faculty members of the Department of Architecture
|
| 541 |
1 |
|
|e 00017847
|a Zeenat Book Supply Limited
|
| 650 |
0 |
|
|a Architecture
|z Australia
|x History
|y 20th century.
|9 31961
|
| 650 |
0 |
|
|a Architecture
|z Australia
|x History
|y 21st century.
|9 31962
|
| 852 |
4 |
|
|a Ayesha Abed Library
|c General Stacks
|
| 942 |
|
|
|2 ddc
|c BK
|
| 999 |
|
|
|c 7912
|d 7912
|
| 952 |
|
|
|0 0
|1 0
|2 ddc
|4 0
|6 720_994000000000000_JAC_2007
|7 0
|9 8871
|a BRACUL
|b BRACUL
|c GEN
|d 2010-03-29
|e Zeenat Book Supply Limited
|g 3368.00
|l 6
|m 28
|o 720.994 JAC
|p 3010017847
|r 2025-10-30
|s 2025-10-11
|t 1
|w 2010-03-29
|y BK
|x Requisitioned by Md. Shajjad Hossain (Faculty members of the Department of Architecture).
|